Desarrollo del niño y del adolescente : para educadores (Registro nro. 207331)

Detalles MARC
001 - NÚMERO DE CONTROL
campo de control 685256
005 - FECHA Y HORA DE LA ÚLTIMA TRANSACCIÓN
campo de control 20260506091503.0
008 - DATOS DE LONGITUD FIJA--INFORMACIÓN GENERAL
campo de control de longitud fija 010828e20000202 spa
020 ## - NÚMERO INTERNACIONAL ESTÁNDAR DEL LIBRO
Número Internacional Estándar del Libro 9701029461
035 ## - NÚMERO DE CONTROL DEL SISTEMA
Número de control de sistema 685256
035 ## - NÚMERO DE CONTROL DEL SISTEMA
Número de control de sistema (OCoLC)49543745
040 ## - FUENTE DE LA CATALOGACIÓN
Centro/agencia transcriptor comduadb
041 ## - CÓDIGO DE LENGUA
Código de lengua del texto/banda sonora o título independiente spa
082 #4 - NÚMERO DE LA CLASIFICACIÓN DECIMAL DEWEY
Número de clasificación 155
100 10 - ENTRADA PRINCIPAL--NOMBRE DE PERSONA
Nombre de persona Meece, Judith L.
Código de función aut
Término indicativo de función/relación Autor/a
9 (RLIN) 339423
245 10 - MENCIÓN DE TÍTULO
Título Desarrollo del niño y del adolescente : para educadores
260 ## - PUBLICACIÓN, DISTRIBUCIÓN, ETC.
Lugar de publicación, distribución, etc. México :
Nombre del editor, distribuidor, etc. McGraw-Hill,
Fecha de publicación, distribución, etc. 2000.
300 ## - DESCRIPCIÓN FÍSICA
Extensión 394 páginas.
505 ## - NOTA DE CONTENIDO CON FORMATO
Nota de contenido con formato CONTENIDO : Prefacio. -- Capítulo 1: El estudio del desarrollo del niño. -- historia de la niñez. -- Perspectivas sobre el desarrollo del niño. -- Estudio del desarrollo del niño. -- Capítulo 2: Desarrollo físico. -- Desarrollo prenatal. -- Crecimiento físico. -- Problemas especiales de salud. -- Capítulo 3: Desarrollo cognitivo: Las teorías de Piaget y de Vygotsky. -- Etapas del desarrollo. -- Contribuciones de la teoría de Piaget a la educación. -- Contribuciones educativas de la teoría de Vygotsky. -- Capítulo 4: Desarrollo cognoscitivo: las teorías del procesamiento de la información y las teorías de la inteligencia. -- Las teorías del procesamiento de la información. -- diferencias individuales en el desarrollo cognoscitivo. -- Capítulo 5: Desarrollo del lenguaje y alfabetismo. -- Algunos principios básicos del desarrollo lingüístico. -- Factores culturales del desarrollo lingüístico. -- Capítulo 6: Desarrollo personal, social y moral. -- Conozca el yo. -- Desarrollo de la motivación para el logro. -- Desarrollo moral. -- Capítulo 7: niños con necesidades excepcionales. -- características de los niños con necesidades excepcionales. -- Identificación y enseñanza de estudiantes con necesidades excepcionales. -- Bibliografía. -- Glosario. -- Índice.
650 #7 - PUNTO DE ACCESO ADICIONAL DE MATERIA--TÉRMINO DE MATERIA
Término de materia o nombre geográfico como elemento de entrada Educación
Fuente del encabezamiento o término embne
9 (RLIN) 4652
650 #7 - PUNTO DE ACCESO ADICIONAL DE MATERIA--TÉRMINO DE MATERIA
Término de materia o nombre geográfico como elemento de entrada Desarrollo infantil
Fuente del encabezamiento o término dcs
9 (RLIN) 2771
650 #7 - PUNTO DE ACCESO ADICIONAL DE MATERIA--TÉRMINO DE MATERIA
Término de materia o nombre geográfico como elemento de entrada Desarrollo cognitivo
Fuente del encabezamiento o término embne
9 (RLIN) 1813
650 ## - PUNTO DE ACCESO ADICIONAL DE MATERIA--TÉRMINO DE MATERIA
Término de materia o nombre geográfico como elemento de entrada Desarrollo del lenguaje
9 (RLIN) 45502
650 ## - PUNTO DE ACCESO ADICIONAL DE MATERIA--TÉRMINO DE MATERIA
Término de materia o nombre geográfico como elemento de entrada Alfabetismo
9 (RLIN) 174681
650 ## - PUNTO DE ACCESO ADICIONAL DE MATERIA--TÉRMINO DE MATERIA
Término de materia o nombre geográfico como elemento de entrada Piaget, Jean, 1886-1980
9 (RLIN) 10133
650 ## - PUNTO DE ACCESO ADICIONAL DE MATERIA--TÉRMINO DE MATERIA
Término de materia o nombre geográfico como elemento de entrada Vygotski, Lev Semenovich, 1896-1934
9 (RLIN) 25201
650 #7 - PUNTO DE ACCESO ADICIONAL DE MATERIA--TÉRMINO DE MATERIA
Término de materia o nombre geográfico como elemento de entrada Desarrollo social
Fuente del encabezamiento o término lemb
9 (RLIN) 5445
650 #7 - PUNTO DE ACCESO ADICIONAL DE MATERIA--TÉRMINO DE MATERIA
Término de materia o nombre geográfico como elemento de entrada Niños excepcionales
Fuente del encabezamiento o término lemb
9 (RLIN) 1606
650 ## - PUNTO DE ACCESO ADICIONAL DE MATERIA--TÉRMINO DE MATERIA
Término de materia o nombre geográfico como elemento de entrada Inteligencia en niños
9 (RLIN) 38294
650 #7 - PUNTO DE ACCESO ADICIONAL DE MATERIA--TÉRMINO DE MATERIA
Término de materia o nombre geográfico como elemento de entrada Integración escolar
Fuente del encabezamiento o término embne
9 (RLIN) 1760
650 #7 - PUNTO DE ACCESO ADICIONAL DE MATERIA--TÉRMINO DE MATERIA
Término de materia o nombre geográfico como elemento de entrada Educación de niños
Fuente del encabezamiento o término lemb
9 (RLIN) 4711
650 #7 - PUNTO DE ACCESO ADICIONAL DE MATERIA--TÉRMINO DE MATERIA
Término de materia o nombre geográfico como elemento de entrada Autorrealización (Psicología)
Fuente del encabezamiento o término lemb
9 (RLIN) 50767
650 #7 - PUNTO DE ACCESO ADICIONAL DE MATERIA--TÉRMINO DE MATERIA
Término de materia o nombre geográfico como elemento de entrada Juventud
Fuente del encabezamiento o término lemb
9 (RLIN) 130190
942 ## - ELEMENTOS DE ENTRADA AGREGADA (KOHA)
Tipo de ítem Koha Libros
Existencias
Estado de retiro Estado de pérdida Estado dañado No para préstamo Código de colección Localización permanente Ubicación/localización actual Fecha de adquisición Fuente de adquisición Coste, precio normal de compra Número de inventario Total de préstamos Signatura topográfica completa Código de barras Fecha visto por última vez Número de copia Precio válido a partir de Tipo de ítem Koha
        Colección General Piso 2 Biblioteca Carlos Gaviria Díaz, Campus Medellín Biblioteca Carlos Gaviria Díaz, Campus Medellín 23/04/2023 Ediciones Y Distribuciones Ormanel 40000.00 C698665   155.4 M494 61000002013874 23/04/2023 1 23/04/2023 Libros
        Colección General Piso 2 Biblioteca Carlos Gaviria Díaz, Campus Medellín Biblioteca Carlos Gaviria Díaz, Campus Medellín 11/07/2003 McGraw-Hill 48000.00 C796154   155.4 M494 e2 61000004984017 23/04/2023 2 23/04/2023 Libros
        Colección General Piso 2 Biblioteca Carlos Gaviria Díaz, Campus Medellín Biblioteca Carlos Gaviria Díaz, Campus Medellín 11/07/2003 McGraw-Hill 48000.00 C796155   155.4 M494 e3 61000004984031 23/04/2023 3 23/04/2023 Libros